LEADER 01319nam 2200409 450 001 9910643694803321 005 20230213223934.0 010 $a0-89118-581-X 035 $a(CKB)3810000000041856 035 $a(WaSeSS)IndRDA00111405 035 $a(EXLCZ)993810000000041856 100 $a20190319d1971 uy 0 101 0 $aeng 135 $aur||||||||||| 181 $ctxt$2rdacontent 182 $cc$2rdamedia 183 $acr$2rdacarrier 200 00$aDrought injury and resistance in crops /$feditors, Kenneth L. Larson and Jerry D. Eastin ; sponsored by the Crop Science Society of America 210 1$aMadison, Wisconsin :$cCrop Science Society of America,$d1971. 215 $a1 online resource (88 pages) 225 1 $aCSSA Special Publication ;$vNumber 2 311 $a0-89118-504-6 410 0$aCSSA special publication ;$vNumber 2. 606 $aPlants$xEffect of drought on 606 $aField crops 615 0$aPlants$xEffect of drought on. 615 0$aField crops. 676 $a581.24 702 $aLarson$b Kenneth L. 702 $aEastin$b Jerry D. 712 02$aCrop Science Society of America, 801 0$bWaSeSS 801 1$bWaSeSS 906 $aBOOK 912 $a9910643694803321 996 $aDrought injury and resistance in crops$93007831 997 $aUNINA LEADER 00932cam a22002654a 4500 001 991002653589707536 008 141211s1999 it b 001 0bita c 020 $a8842058939 035 $ab14209858-39ule_inst 040 $aDip.to Studi Umanistici$bita 082 00$a852/.912$221 100 1 $aLuperini, Romano$0124088 245 10$aPirandello /$cRomano Luperini 260 $aRoma :$bLaterza,$c1999 300 $a213 p. ;$c21 cm. 440 0$aScrittori italiani 440 0$aBiblioteca universale Laterza ;$v514 504 $aInclude bibliografia (p. 191-[206]) 600 10$aPirandello, Luigi$xCritica ed interpretazione 907 $a.b14209858$b11-12-14$c11-12-14 912 $a991002653589707536 945 $aLE008 CR Q IV 7$g1$i2008000006495$lle008$o-$pE0.00$q-$rl$s- $t0$u1$v0$w1$x0$y.i15649933$z11-12-14 996 $aPirandello$9256897 997 $aUNISALENTO 998 $ale008$b11-12-14$cm$da $e $fita$git $h0$i0 LEADER 02064nam 22004813 450 001 9910795352503321 005 20230117184339.0 010 $a92-64-54375-9 024 7 $a10.1787/85a99a7c-en 035 $a(CKB)4950000000313401 035 $a(MiAaPQ)EBC29441822 035 $a(Au-PeEL)EBL29441822 035 $a(NjHacI)994950000000313401 035 $a(BIP)083224065 035 $a(EXLCZ)994950000000313401 100 $a20220824d2022 uy 0 101 0 $aeng 135 $aurcnu|||||||| 181 $ctxt$2rdacontent 182 $cc$2rdamedia 183 $acr$2rdacarrier 200 10$aFostering Water Resilience in Brazil 205 $a1st ed. 210 1$aParis :$cOrganization for Economic Cooperation & Development,$d2022. 210 4$dİ2022. 215 $a1 online resource (115 pages) 225 0 $aOECD studies on water 311 $a92-64-54494-1 327 $aGoverning water infrastructure for greater resilience -- Foreword -- Strengthening multi-level governance and the use of economic instruments in the Pianco?-Piranhas Ac?u River Basin -- Executive summary -- List of stakeholders consulted during the workshops -- Making water and sanitation regulation in Brazil more effective -- Preface. 330 $aBrazil made significant progress in managing water resources since the adoption of the National Water Law in 1997 and the creation of the National Water and Sanitation Agency (ANA) in 2000. Nevertheless, water security challenges persist and will be aggravated by megatrends such as climate change, population growth, urbanisation, and the economic, social and environmental consequences of the COVID-19 pandemic. 606 $aWater-supply$zBrazil 610 $aEnvironmental Economics 610 $aBusiness & Economics 615 0$aWater-supply 676 $a363.610981 700 $aOECD$01462710 801 0$bMiAaPQ 801 1$bMiAaPQ 801 2$bMiAaPQ 906 $aBOOK 912 $a9910795352503321 996 $aFostering Water Resilience in Brazil$93707962 997 $aUNINA